Estadísticas para 12 meses en 15 segundos

Haz click aquí para tomar la prueba!

Estadísticas generales

  • Esta prueba ha sido tomada 773 veces
  • La puntuación promedio es 8 de 12

Estadísticas de respuestas

Answer % Correcto
Enero
97%
Febrero
91%
Marzo
89%
Abril
88%
Mayo
85%
Junio
82%
Julio
77%
Agosto
68%
Septiembre
50%
Octubre
40%
Noviembre
31%
Diciembre
23%

Distribución de puntuación

Porcentaje por número respondido

Porcentaje de gente con cada puntuación

Historial de tus puntuaciones

No has tomado esta prueba